000 00689cam a22002293a 4500
001 23358
003 PGUSA
005 20140828083510.0
008 071106s2007||||xxu|||||s|||||000 1 eng d
040 _aPGUSA
_beng
042 _adc
050 4 _aPS
100 1 _aAldrich, Thomas Bailey,
_d1836-1907
245 1 2 _aA Rivermouth Romance
_h[electronic resource] /
_cThomas Bailey Aldrich
260 _bProject Gutenberg,
_c2007
506 _aPublic domain in the USA.
516 _aElectronic text
653 _aUnited States -- Social life and customs -- 19th century -- Fiction
830 0 _aProject Gutenberg
_v23358
856 4 0 _uhttp://www.gutenberg.org/ebooks/23358
942 _cEB
999 _c252613
_d252613